Premiers of Ontario - Statistics

General Stats
  • This quiz has been taken 8 times
  • The average score is 11 of 26
Answer Stats
Hint Answer % Correct
2018 - Present Progressive Conservative Doug Ford
100%
2013 - 2018 Liberal Kathleen Wynne
80%
1971 - 1985 Progressive Conservative Bill Davis
60%
1990 - 1995 New Democratic Bob Rae
60%
2003 - 2013 Liberal Dalton McGuinty
60%
1985 - 1990 Liberal David Peterson
60%
2002 - 2003 Progressive Conservative Ernie Eves
60%
1985 Progressive Conservative Frank Miller
60%
1943 - 1948 Progressive Conservative George A. Drew
60%
1995 - 2002 Progressive Conservative Mike Harris
60%
1872 - 1896 Liberal Sir Oliver Mowat
60%
1871 - 1872 Liberal Edward Blake
40%
1943 Liberal Harry Nixon
40%
1961 - 1971 Progressive Conservative John Robarts
40%
1867 - 1871 Conservative John Sandfield Macdonald
40%
1949 - 1961 Progressive Conservative Leslie Frost
40%
1948 - 1949 Progressive Conservative Thomas Laird Kennedy
40%
1896 - 1899 Liberal Arthur Sturgis Hardy
20%
1919 - 1923 United Farmers Ernest Drury
20%
1942 - 1943 Liberal Gordon Daniel Conant
20%
1923 - 1930 Conservative Howard Ferguson
20%
1934 - 1942 Liberal Mitchell Hepburn
20%
1899 - 1905 Liberal Sir George William Ross
20%
1905 - 1914 Conservative Sir James Whitney
20%
1914 - 1919 Conservative Sir William Hearst
20%
1930 - 1934 Conservative George Stewart Henry
0%
No matching quizzes found
Score Distribution
Percent of People with Each Score
Percentile by Number Answered
Your Score History
You have not taken this quiz